000 00428nam a2200145Ia 4500
008 230917s9999||||xx |||||||||||||| ||und||
040 _e37818
_aMAIN
041 _aEnglish
082 _a823.8 F513B:P
100 _aBrophy, Brigid
245 0 _aPrancing novalist: a difine of fiction in the form of a critical biography in praise of Ronald Firbank
260 _aLondon
_bMacmillan
_c1973
300 _axv, 592 p.
942 _cBK
999 _c227683
_d227683